Music Stones: The Rediscovery of Ringing Rock

Saved in:

Main Author: Adcock, Mike (Author)

Other Authors: Glennie, Evelyn (Foreword by)

Format: Book

Published: Oxford Archaeopress Publishing Ltd 2025

Tags: Add Tag

No Tags, Be the first to tag this record!

Call Number:

LEADER 00686namaa2200181 4500
001 9781805830146
003 UkOxAP
005 20260405155018.0
020 |a 9781805830153 
776 1 |x 9781805830146 
245 0 0 |a Music Stones: The Rediscovery of Ringing Rock 
100 1 |a Adcock, Mike  |e Author  |l English 
700 1 |a Glennie, Evelyn  |e Foreword by  |l English 
856 4 2 |a http://library.arce.org:8087/Archaeopress/Products/9781805830153 
260 |a Oxford  |b Archaeopress Publishing Ltd  |c 2025 
270 |a Archaeopress Publishing Ltd, Summertown Pavillion, 18 -24 Middle Way, Summertown  |b Oxford  |d United Kingdom  |e OX2 7LG  |k 44-1865-311914  |m info@archaeopress.com 
942 |2 lcc  |c EBOOK 
999 |c 62131  |d 62131